00247nam a2200097Ia 4500008004100000082001700041100001700058245004400075260001800119600001200137241002s9999 xx 000 0 und d a954.0491 TIN aTinker, Hugh 0aIndia and Pakistan A Political Analysis aLondon:c1967 aHistory